| 000 | 00730nam a22002177a 4500 | ||
|---|---|---|---|
| 005 | 20170124110241.0 | ||
| 010 | _aA-352299 | ||
| 020 |
_c€ 5.95 _a0862835003 |
||
| 035 | _aA-352299 | ||
| 037 | _bCen Lib/Ret | ||
| 040 |
_aDPL _bEN |
||
| 082 |
_a915.41 _bGHO |
||
| 100 |
_aGhosh, Laeila _995170 |
||
| 245 |
_aGanga / _cby Leila Ghosh [and] Dalia Roy |
||
| 260 |
_bBombay _aWolrd Marketing Right with Indian Books _c1986 |
||
| 270 |
_bBombay _a412 Tulsani Chambers, 212 Bachbay Reclamation, Nariman Point _e400021 |
||
| 300 |
_avarios pagings _c26cm(Hb) _bill. |
||
| 650 |
_a Ganges River (India and Bangladesh) -- Pictorial works _995171 |
||
| 700 |
_aRoy, Dalia _995172 |
||
| 942 |
_2ddc _cEN _h915.41 _mGHO |
||
| 999 |
_c135212 _d135212 |
||